| 000 | 00466cam a2200193ua 4500 | ||
|---|---|---|---|
| 001 | 10387 | ||
| 005 | 20260515114622.0 | ||
| 008 | 181008n ii |||gr||||Z||||||hin | ||
| 020 | _a9788120824942 | ||
| 040 | _cMAIN | ||
| 041 | _ahin | ||
| 082 | _a491.25 | ||
| 245 |
_aChandra Sanskrit byakaran (H) _cBy Nemichandra Shastri |
||
| 250 | _a2nd rep. | ||
| 260 |
_aDelhi: _bMotilal Benarasidas, _c2016. |
||
| 300 | _a303p. | ||
| 653 | _aSanskrit Grammar | ||
| 942 | _cBK | ||
| 999 |
_c9367 _d9367 |
||